Landen die de meeste olie produceren - Statistieken

Algemene statistieken
  • Deze quiz is 59 keer genomen
  • De gemiddelde score is 15 van 20
Antwoordstatistieken
Vaten per dag Country % Correct
9.87 mil Rusland
98%
9.41 mil Saoedi-Arabië
98%
11.3 mil Verenigde Staten
96%
4.10 mil Irak
90%
2.67 mil Iran
90%
3.89 mil China
88%
4.18 mil Canada
86%
1.34 mil Qatar
86%
3.14 mil Verenigde Arabische Emiraten
84%
1.71 mil Mexico
82%
0.95 mil Oman
82%
2.94 mil Brazilië
80%
2.56 mil Koeweit
78%
0.95 mil Verenigd Koninkrijk
69%
0.71 mil Indonesië
65%
1.71 mil Noorwegen
65%
1.76 mil Kazachstan
53%
1.12 mil Algerije
49%
1.77 mil Nigeria
47%
1.26 mil Angola
16%
Geen overeenkomende quizzen gevonden
Scoreverdeling
Procent van Mensen met Elke Score
Percentiel versus Aantal Correcte Antwoorden
Uw Scoregeschiedenis
U heeft deze quiz nog niet genomen